000 01491cim a2200361Ia 4500
001 243552
003 GBCCL
005 20241126110400.0
007 sd fungnn|||eu
008 050909s2005 ilunnnn z n eng d
020 _a1598590081
020 _a9789382603269
020 _a9781598590081
035 _a(OCoLC)ocm61460608
035 _a(OCoLC)61460608
_z(OCoLC)144550747
040 _aCXP
_cCXP
_dBAKER
_dBTCTA
_dOCLCG
_dRCS
_dBDX
049 _aLBBG
082 0 4 _a248.844
_bCHA
_222
090 _aBV4596
_b.C366 2005
100 1 _aChapman, Gary D.,
_d1938-
_92732
245 1 4 _aThe marriage you've always wanted
_cby Gary Chapman.
250 _aIndian ed.
260 _aSecunderabad :
_bAuthentic,
_c2015.
300 _a158p. ;
_b23cm.
500 _a.
505 0 _aWhat is marriage for? -- "Why won't they change?" -- What love really means -- "Listen to me!" -- Who takes care of what? -- Decisions, decisions -- "You mean we have to work at sex?" -- Leaving and honoring parents -- Love and money.
511 0 _aRead by the author.
520 _aGary Chapman, bestselling author of The Five Love Languages, teaches us how to communicate, rekindle love, and how to avoid financial bondage within our marriage.
650 0 _aMarriage
_xReligious aspects
_xChristianity.
_9295
700 1 _aChapman, Gary D.,
_d1938-
_tToward a growing marriage.
_92733
700 1 _aChapman, Gary D.,
_d1938-
_tDr. Gary Chapman on the marriage you always wanted.
_92734
942 _2ddc
_cBK
_014
999 _c1386
_d1386